[Event "AI Cup Div 2 W"]
[Site "chess.com INT"]
[Date "2023.09.26"]
[Round "2.3"]
[White "Caruana, Fabiano"]
[Black "Sarana, Alexey"]
[Result "0-1"]
[WhiteTitle "GM"]
[BlackTitle "GM"]
[WhiteElo "2786"]
[BlackElo "2693"]
[WhiteFideId "2020009"]
[BlackFideId "24133795"]
[EventDate "2023.09.25"]
[EventType "k.o."]

1. Nf3 d5 2. c4 d4 3. b4 f6 4. d3 e5 5. b5 c5 6. g3 Bd6 7. Bg2 f5 8. O-O Nf6 9.
e3 O-O 10. exd4 exd4 11. Re1 a5 12. Na3 Nbd7 13. b6 Ra6 14. Nb5 Bb8 15. Ng5 Rxb6
16. Bd2 Ra6 17. f4 Re8 18. Qb3 a4 19. Qc2 Nf8 20. Rxe8 Qxe8 21. Re1 Qd8 22. Nf3
Bd7 23. Ne5 Bc6 24. Nxc6 bxc6 25. Na3 Bc7 26. Bf3 Ba5 27. Nb1 Qb6 28. Bxa5 Qxa5
29. Nd2 Rb6 30. Rc1 Ne6 31. Bd1 Qc3 32. Qxc3 dxc3 33. Nb1 c2 34. Bxc2 Nd4 35.
Nc3 Rb2 36. Bxa4 Nf3+ 37. Kf1 Nxh2+ 38. Kg1 Nf3+ 39. Kf1 Ng4 40. Ne2 Ne3+ 41.
Kf2 Nd4 42. Re1 Ng4+ 43. Kf1 Nh2+ 44. Kf2 Nhf3 0-1

[Event "AI Cup Div 2 W"]
[Site "chess.com INT"]
[Date "2023.09.26"]
[Round "2.3"]
[White "Duda, Jan-Krzysztof"]
[Black "Artemiev, Vladislav"]
[Result "0-1"]
[WhiteTitle "GM"]
[BlackTitle "GM"]
[WhiteElo "2726"]
[BlackElo "2697"]
[WhiteFideId "1170546"]
[BlackFideId "24101605"]
[EventDate "2023.09.25"]
[EventType "k.o."]

1. d4 d5 2. c4 e6 3. Nf3 Nf6 4. g3 Bb4+ 5. Bd2 Be7 6. Bg2 Nbd7 7. O-O c6 8. Qc2
b6 9. Rd1 Bb7 10. Nc3 O-O 11. e4 dxc4 12. e5 Nd5 13. Ne4 h6 14. Qxc4 c5 15. dxc5
bxc5 16. Qc1 Nb4 17. Ne1 Bd5 18. a3 Nc6 19. Bc3 Rc8 20. Qe3 Ncxe5 21. Bxe5 Nxe5
22. Nc3 Nc4 23. Qe2 Nb6 24. a4 Bf6 25. a5 Bxc3 26. bxc3 Nc4 27. Ra4 Nxa5 28. c4
Nxc4 29. Bxd5 exd5 30. Rxc4 Re8 31. Qf1 dxc4 32. Rxd8 Rcxd8 33. Nc2 c3 34. Qb5
Re4 35. Qxc5 Re2 36. Qxc3 Rd1+ 37. Kg2 Rdd2 38. Qc8+ Kh7 39. Qf5+ Kg8 40. Na3
Rxf2+ 41. Qxf2 Rxf2+ 42. Kxf2 a5 43. Ke3 Kh7 44. Nc4 a4 45. Kd4 Kg6 46. Ne3 Kf6
47. Kc4 Ke5 48. Kb4 Ke4 49. Nc4 Kf3 50. Ne5+ Kg2 51. Nxf7 Kxh2 52. g4 Kg3 53. g5
h5 54. Nd6 g6 55. Kxa4 h4 56. Nf5+ Kg4 57. Ne3+ Kxg5 58. Kb4 Kf4 59. Nf1 g5 60.
Kc3 Kf3 61. Kd3 h3 62. Nh2+ Kg2 63. Ng4 h2 64. Nxh2 Kxh2 65. Ke3 g4 0-1

[Event "AI Cup Div 2 W"]
[Site "chess.com INT"]
[Date "2023.09.26"]
[Round "2.3"]
[White "Fedoseev, Vladimir3"]
[Black "Keymer, Vincent"]
[Result "1-0"]
[WhiteTitle "GM"]
[BlackTitle "GM"]
[WhiteElo "2683"]
[BlackElo "2717"]
[WhiteFideId "24130737"]
[BlackFideId "12940690"]
[EventDate "2023.09.25"]
[EventType "k.o."]

1. d4 Nf6 2. c4 e6 3. Nc3 Bb4 4. e3 O-O 5. Ne2 Re8 6. Ng3 d5 7. Be2 dxc4 8. Bxc4
c5 9. a3 Ba5 10. O-O Nc6 11. dxc5 Bxc3 12. bxc3 Qa5 13. Rb1 Qxc5 14. Bd3 e5 15.
Qc2 b6 16. Ne4 Nxe4 17. Bxe4 h6 18. c4 Bb7 19. Rb5 Qe7 20. Bb2 Rac8 21. Qa4 Qh4
22. Bd5 Ba8 23. Bc3 Na5 24. Bxa5 a6 25. Rb4 bxa5 26. Qxa5 Qf6 27. Rb6 Qh4 28.
Rxa6 Bxd5 29. cxd5 Red8 30. h3 Qc4 31. Rc6 Qd3 32. Rxc8 Rxc8 33. a4 e4 34. Ra1
g6 35. Qb5 Qd2 36. a5 Rc2 37. Rf1 Kg7 38. Qa4 Rc8 39. Rd1 Rc1 40. Rxc1 Qxc1+ 41.
Kh2 Qc7+ 42. g3 1-0

[Event "AI Cup Div 2 W"]
[Site "chess.com INT"]
[Date "2023.09.26"]
[Round "2.4"]
[White "Sarana, Alexey"]
[Black "Caruana, Fabiano"]
[Result "1-0"]
[WhiteTitle "GM"]
[BlackTitle "GM"]
[WhiteElo "2693"]
[BlackElo "2786"]
[WhiteFideId "24133795"]
[BlackFideId "2020009"]
[EventDate "2023.09.25"]
[EventType "k.o."]

1. d4 Nf6 2. c4 e6 3. Nf3 d5 4. Nc3 Bb4 5. Qa4+ Nc6 6. e3 O-O 7. Bd2 Re8 8. Rd1
Bf8 9. Be2 a6 10. O-O h6 11. Bc1 Bd6 12. c5 Bf8 13. b4 Bd7 14. Qb3 b6 15. Ne5
Nxe5 16. dxe5 Nh7 17. cxb6 cxb6 18. e4 a5 19. b5 Bc5 20. Na4 d4 21. Bb2 Bc8 22.
Nxc5 bxc5 23. Qc4 Bb7 24. Qxc5 Qh4 25. f3 Nf8 26. Qxd4 Ng6 27. g3 Qh5 28. Qf2
Rac8 29. Rd2 Qg5 30. Rfd1 Ba8 31. b6 Rb8 32. Rd7 Nf8 33. Rc7 h5 34. h4 Qg6 35.
Kh2 Qh6 36. Bc1 Qg6 37. Qe3 Nh7 38. Rdd7 Nf8 39. Rxf7 Qxf7 40. Rxf7 Kxf7 41. Ba3
Rec8 42. Bd6 Rb7 43. Ba6 Rc2+ 44. Kg1 Ng6 45. Bxb7 Bxb7 46. Qb3 Rc6 47. Qb5 Rc1+
48. Kf2 Rc2+ 49. Ke1 Kg8 50. Qd7 Ba6 51. b7 1-0

[Event "AI Cup Div 2 W"]
[Site "chess.com INT"]
[Date "2023.09.26"]
[Round "2.4"]
[White "Keymer, Vincent"]
[Black "Fedoseev, Vladimir3"]
[Result "0-1"]
[WhiteTitle "GM"]
[BlackTitle "GM"]
[WhiteElo "2717"]
[BlackElo "2683"]
[WhiteFideId "12940690"]
[BlackFideId "24130737"]
[EventDate "2023.09.25"]
[EventType "k.o."]

1. c4 c5 2. g3 Nf6 3. Bg2 d5 4. cxd5 Nxd5 5. Nc3 Nc7 6. d3 e5 7. Be3 Be7 8. Rc1
Nd7 9. Qa4 O-O 10. Nf3 Rb8 11. Nd2 a6 12. O-O b5 13. Qb3 Kh8 14. f4 f5 15. a4
Bd6 16. axb5 axb5 17. Nf3 exf4 18. Bxf4 Bxf4 19. gxf4 Qe7 20. e4 fxe4 21. Nxe4
c4 22. Qd1 Nd5 23. Re1 Nxf4 24. dxc4 Nxg2 25. Kxg2 Bb7 26. Qd4 Rbe8 27. Ned2
Qg5+ 28. Kf2 Ne5 29. Rc3 Bxf3 30. Nxf3 Nxf3 31. Rxe8 Qg1+ 0-1

[Event "AI Cup Div 2 W"]
[Site "chess.com INT"]
[Date "2023.09.26"]
[Round "2.4"]
[White "Artemiev, Vladislav"]
[Black "Duda, Jan-Krzysztof"]
[Result "1-0"]
[WhiteTitle "GM"]
[BlackTitle "GM"]
[WhiteElo "2697"]
[BlackElo "2726"]
[WhiteFideId "24101605"]
[BlackFideId "1170546"]
[EventDate "2023.09.25"]
[EventType "k.o."]

1. d4 Nf6 2. c4 g6 3. Nf3 Bg7 4. g3 b6 5. Bg2 Bb7 6. O-O O-O 7. Qc2 e6 8. Nc3 d5
9. cxd5 exd5 10. Bf4 Na6 11. Rfd1 Qe7 12. Nb5 Rfd8 13. a3 c6 14. Nc3 c5 15. Be5
Nc7 16. dxc5 bxc5 17. b4 d4 18. Na4 Bxf3 19. Bxc7 Bxe2 20. Bxd8 Rxd8 21. Nxc5 d3
22. Nxd3 Ng4 23. Nf4 Bxd1 24. Rxd1 Bd4 25. Rxd4 Rxd4 26. Qc8+ Rd8 27. Qxg4 Qe1+
28. Bf1 Qc3 29. Qg5 Rd1 30. Qb5 Qxa3 31. Qe8+ Kg7 32. Qe5+ Kg8 33. Nd5 Qc1 34.
Qe8+ Kg7 35. Qe5+ Kg8 36. Nf6+ Kg7 37. Ng4+ Kg8 38. Qe8+ Kg7 39. Qe5+ Kg8 40.
Ne3 Rd2 41. Qe8+ Kg7 42. Qe5+ Kg8 43. Qb8+ Kg7 44. Qxa7 Qe1 45. Ng2 Qb1 46. b5
Rb2 47. Qd4+ Kg8 48. Qd8+ Kg7 49. Qd4+ Kg8 50. Ne3 Rxb5 51. Ng4 Rb4 52. Qd8+ Kg7
53. Qf6+ Kf8 54. Ne5 Rb7 55. Qh8+ Ke7 56. Qxh7 Qf5 57. Qh4+ Kf8 58. Qh8+ Ke7 59.
Nc6+ Kd6 60. Nd4 Qd5 61. Qf6+ Kc5 62. Ne2 Qd6 63. Qc3+ Kb6 64. Nf4 Rd7 65. h4
Qc5 66. Qb3+ Kc7 67. Bg2 Kd8 68. Nd5 Ra7 69. Qb8+ Kd7 70. Nf6+ Ke6 71. Ne4 Ra1+
72. Kh2 Qc1 73. Qe8+ Kd5 74. Qxf7+ Kd4 75. Qd7+ Kc4 76. Qc6+ Kd4 77. Qd6+ Kc4
78. Qxg6 Qg1+ 79. Kh3 Re1 80. Qc6+ Kb3 81. Qb5+ Ka3 82. Qa5+ Kb3 83. Nd2+ Kc2
84. Nf3 1-0

[Event "AI Cup Div 2 W"]
[Site "chess.com INT"]
[Date "2023.09.27"]
[Round "3.1"]
[White "Artemiev, Vladislav"]
[Black "Andreikin, Dmitry"]
[Result "1-0"]
[WhiteTitle "GM"]
[BlackTitle "GM"]
[WhiteElo "2697"]
[BlackElo "2729"]
[WhiteFideId "24101605"]
[BlackFideId "4158814"]
[EventDate "2023.09.25"]
[EventType "k.o."]

1. c4 Nf6 2. Nc3 d6 3. g3 g6 4. Bg2 Bg7 5. d4 O-O 6. h3 c5 7. e3 Nc6 8. Nge2 e5
9. O-O Re8 10. dxc5 dxc5 11. Qxd8 Rxd8 12. b3 Nb4 13. a3 Nd3 14. Rd1 Be6 15. Rb1
Rd7 16. g4 Rad8 17. g5 Ne8 18. Nd5 Nxc1 19. Rbxc1 h6 20. h4 hxg5 21. hxg5 Bf8
22. Nec3 Kg7 23. Kh2 a6 24. a4 Bf5 25. a5 Bd6 26. Kg1 Bc7 27. Na4 Bg4 28. f3 Be6
29. Nxc5 Bxa5 30. Nxd7 Rxd7 31. b4 Bd8 32. f4 Bg4 33. Rd3 Bf5 34. Rd2 exf4 35.
exf4 Nc7 36. Rcd1 a5 37. Ne3 Rxd2 38. Rxd2 Ne6 39. Nxf5+ gxf5 40. Rxd8 Nxd8 41.
bxa5 Kf8 42. Bxb7 1-0

[Event "AI Cup Div 2 W"]
[Site "chess.com INT"]
[Date "2023.09.27"]
[Round "3.2"]
[White "Andreikin, Dmitry"]
[Black "Artemiev, Vladislav"]
[Result "1/2-1/2"]
[WhiteTitle "GM"]
[BlackTitle "GM"]
[WhiteElo "2729"]
[BlackElo "2697"]
[WhiteFideId "4158814"]
[BlackFideId "24101605"]
[EventDate "2023.09.25"]
[EventType "k.o."]

1. d4 d5 2. c4 c6 3. Nf3 Nf6 4. Nc3 dxc4 5. a4 e6 6. e3 c5 7. Bxc4 cxd4 8. exd4
Nc6 9. O-O Be7 10. Qe2 O-O 11. Rd1 Nb4 12. Bg5 h6 13. Bh4 Bd7 14. Ne5 Rc8 15. a5
Re8 16. Bb3 Nfd5 17. Qf3 Rf8 18. Bxe7 Qxe7 19. Bxd5 Nxd5 20. Nxd5 exd5 21. Qxd5
Be6 22. Qf3 Rfd8 23. d5 Bxd5 24. Rxd5 Rxd5 25. Qxd5 Rc5 26. Ng6 Qc7 27. Re1 Rxd5
28. Re8+ Kh7 29. Nf8+ Kg8 30. Ne6+ Kh7 31. Nf8+ Kg8 32. Nd7+ Kh7 33. Nf8+ 1/2-1/2

[Event "AI Cup Div 2 W"]
[Site "chess.com INT"]
[Date "2023.09.27"]
[Round "3.3"]
[White "Artemiev, Vladislav"]
[Black "Andreikin, Dmitry"]
[Result "1/2-1/2"]
[WhiteTitle "GM"]
[BlackTitle "GM"]
[WhiteElo "2697"]
[BlackElo "2729"]
[WhiteFideId "24101605"]
[BlackFideId "4158814"]
[EventDate "2023.09.25"]
[EventType "k.o."]

1. Nf3 Nf6 2. g3 b5 3. Bg2 Bb7 4. Na3 a6 5. c4 e5 6. O-O Bxa3 7. bxa3 d6 8. Rb1
O-O 9. cxb5 axb5 10. Rxb5 Bc6 11. Rb1 Bd5 12. d3 c5 13. Nd2 Bxg2 14. Kxg2 Nc6
15. Ne4 h6 16. Nxf6+ Qxf6 17. Rb6 Rfc8 18. Qb3 Rcb8 19. Be3 Rxb6 20. Qxb6 Ne7
21. Rb1 Qe6 22. Rb3 Kh7 23. Qb7 Ra4 24. Qb5 Ra8 25. Qb7 Ra4 26. Qb5 Qd5+ 27. f3
Ra7 28. Qb6 Ra4 29. Qb5 Ra7 30. Qb6 Ra4 31. Qb5 1/2-1/2

[Event "AI Cup Div 2 W"]
[Site "chess.com INT"]
[Date "2023.09.27"]
[Round "3.4"]
[White "Andreikin, Dmitry"]
[Black "Artemiev, Vladislav"]
[Result "1-0"]
[WhiteTitle "GM"]
[BlackTitle "GM"]
[WhiteElo "2729"]
[BlackElo "2697"]
[WhiteFideId "4158814"]
[BlackFideId "24101605"]
[EventDate "2023.09.25"]
[EventType "k.o."]

1. d4 Nf6 2. c4 e6 3. Nc3 d5 4. cxd5 exd5 5. Bg5 c6 6. e3 h6 7. Bh4 Be7 8. Bd3
O-O 9. Nge2 Re8 10. h3 a5 11. g4 b5 12. Rg1 b4 13. Na4 Ba6 14. g5 hxg5 15. Bxg5
Bxd3 16. Qxd3 Ne4 17. Bxe7 Qxe7 18. Ng3 Nd7 19. Qe2 g6 20. Nxe4 Qxe4 21. O-O-O
Rac8 22. Qg4 c5 23. Qxe4 Rxe4 24. dxc5 Nxc5 25. Nb6 Rc6 26. Nxd5 Nd3+ 27. Kb1
Nxf2 28. Rd2 Re5 29. h4 Ne4 30. Rd4 Nf6 31. Nf4 Kh7 32. Re1 Re4 33. Nh3 Kg7 34.
Ng5 Rxd4 35. exd4 Rd6 36. Re7 Rd7 37. Rxd7 Nxd7 38. Kc2 f6 39. Ne6+ Kf7 40. Nd8+
Ke7 41. Nc6+ Kd6 42. Nxa5 f5 43. Nc4+ Kd5 44. Kd3 f4 45. Ne5 Nf8 46. a4 bxa3 47.
bxa3 Ne6 48. Nxg6 Nxd4 49. Nxf4+ Ke5 50. Ng6+ Kd5 51. h5 Nf5 52. Nf4+ Ke5 53. a4
Nd6 54. h6 Kf6 55. Kd4 Nf5+ 56. Kc5 Nxh6 57. a5 Nf7 58. a6 Ne5 59. a7 Nd7+ 60.
Kb5 1-0

[Event "AI Cup Div 2 W"]
[Site "chess.com INT"]
[Date "2023.09.27"]
[Round "3.5"]
[White "Andreikin, Dmitry"]
[Black "Artemiev, Vladislav"]
[Result "1/2-1/2"]
[WhiteTitle "GM"]
[BlackTitle "GM"]
[WhiteElo "2729"]
[BlackElo "2697"]
[WhiteFideId "4158814"]
[BlackFideId "24101605"]
[EventDate "2023.09.25"]
[EventType "k.o."]

1. d4 d5 2. c4 e6 3. Nc3 h6 4. Nf3 Nf6 5. cxd5 exd5 6. Bf4 c6 7. e3 Bf5 8. Bd3
Bxd3 9. Qxd3 Nbd7 10. O-O-O Bb4 11. Kb1 Qe7 12. Rhf1 Ne4 13. Ne2 O-O 14. Ne5
Nxe5 15. Bxe5 Bd6 16. Bf4 Rfe8 17. g3 Rad8 18. Rc1 Bb4 19. Rc2 g5 20. Be5 f6 21.
f3 Nd2+ 22. Rxd2 Bxd2 23. Bxf6 Qxf6 24. Qxd2 Qe7 25. Qc2 Qh7 26. e4 dxe4 27. f4
gxf4 28. gxf4 Kh8 29. a3 Rf8 30. Qc5 Qf5 31. Qe7 e3+ 32. Ka1 Rde8 33. Qxb7 Qb5
34. Qxb5 cxb5 35. Kb1 Rg8 36. Kc2 Rg2 37. Kd3 Rxh2 38. Rg1 h5 39. d5 Rg8 40. Re1
h4 41. Nd4 Rd8 42. Ke4 e2 43. Nf3 Rf2 44. Ke3 Rf1 45. Rxe2 Rxd5 46. Nxh4 Rh5 47.
Ng6+ Kg7 48. Ne5 Rh4 49. Nd3 Kf6 50. Rc2 Rh3+ 51. Ke4 Rxd3 52. Kxd3 Rxf4 53.
Rc6+ Ke5 54. Rc5+ Kd6 55. Rxb5 Kc6 56. Rh5 Rf3+ 57. Kc4 Rf4+ 58. Kb3 Re4 59. Kc3
Kb6 60. Rg5 Rf4 61. Re5 Rf3+ 62. Kb4 Rf4+ 63. Kb3 Rg4 64. Re3 Kb5 65. Rh3 Kb6
66. Rf3 Kb5 67. Rf6 Rg3+ 68. Ka2 a5 69. Rh6 Rf3 70. Rh7 Rg3 71. Rh8 Rf3 72. Rg8
Ka6 73. Rg6+ Kb5 74. Rg5+ Kb6 75. Rh5 Ka6 76. Rd5 Kb6 77. Rd2 Ka6 78. Rc2 Kb5
79. Rc8 Kb6 80. Rb8+ Ka6 81. Kb1 Ka7 82. Rd8 Ka6 83. Kc2 Rf2+ 84. Kc3 Kb6 85.
Rd5 Rg2 86. Rd3 Rg4 87. Re3 Kb5 88. Re5+ Kb6 89. Rh5 Rf4 90. Rh3 Kb5 91. b3 Kb6
92. Rh6+ Kc5 93. a4 Rf3+ 94. Kb2 Rf2+ 95. Ka3 Rf5 96. Ra6 Kd4 97. Rc6 Kd5 98.
Rc8 Kd6 99. Kb2 Kd7 100. Rc4 Kd6 101. Kc3 Rf3+ 102. Kc2 Rf2+ 103. Kc3 Rf3+ 104.
Kb2 Rf2+ 105. Ka3 Rf5 106. Rc1 Kd7 107. Rc2 Kd6 108. Rc8 Kd7 109. Rb8 Kc6 110.
Ra8 Kb7 111. Rh8 Kb6 112. Kb2 Kb7 113. Kc3 Kb6 114. Rh6+ Kb7 115. Kc4 Rf4+ 116.
Kc5 Rf5+ 117. Kd4 Rf4+ 118. Kd3 Rf3+ 119. Kc2 Rf2+ 120. Kb1 Rf3 121. Ka2 Rf2+
122. Ka3 Rf3 123. Rg6 Ka7 124. Rc6 Kb7 125. Rc4 Kb6 126. Kb2 Rf1 127. b4 Rf2+
128. Kc3 axb4+ 129. Rxb4+ Ka5 130. Rh4 Rf3+ 131. Kb2 Rf5 132. Kb3 Rf3+ 133. Kc2
Rf5 134. Rc4 Rd5 135. Kc3 Kb6 136. Kb4 Rd6 137. a5+ Kb7 138. Ka4 Rc6 139. Rb4+
Ka6 140. Rh4 Rd6 141. Rb4 Rc6 142. Rd4 Re6 143. Rb4 Rd6 144. Rc4 Re6 145. Rb4
Rc6 1/2-1/2

[Event "AI Cup Div 2 W"]
[Site "chess.com INT"]
[Date "2023.09.28"]
[Round "4.1"]
[White "Fedoseev, Vladimir3"]
[Black "Artemiev, Vladislav"]
[Result "1/2-1/2"]
[WhiteTitle "GM"]
[BlackTitle "GM"]
[WhiteElo "2683"]
[BlackElo "2697"]
[WhiteFideId "24130737"]
[BlackFideId "24101605"]
[EventDate "2023.09.25"]
[EventType "k.o."]

1. c4 e5 2. g3 Nf6 3. Bg2 d5 4. cxd5 Nxd5 5. Nf3 Nc6 6. O-O Nf6 7. Nc3 h6 8. b4
Bd6 9. b5 Nd4 10. a4 O-O 11. Bb2 a6 12. d3 Nxf3+ 13. Bxf3 axb5 14. Nxb5 Re8 15.
Qc2 c6 16. Nxd6 Qxd6 17. Bg2 Be6 18. a5 Nd5 19. Rfc1 Ra6 20. d4 exd4 21. Bxd4
Rea8 22. Qb2 Qb4 23. Qxb4 Nxb4 24. Rab1 Rxa5 25. Rxb4 c5 26. Bxc5 Rxc5 27. Re1
g5 28. Rxb7 Ra2 29. Bf1 g4 30. Rb4 Kg7 31. Rf4 h5 32. h3 Rca5 33. Kh2 Ra1 34.
Rxa1 Rxa1 35. Bg2 Ra2 36. e4 Ra1 37. f3 gxf3 38. Rxf3 Ra5 39. Rf2 f5 40. exf5
Bxf5 41. Bf3 Bg6 42. Re2 Rc5 43. Kg2 h4 44. gxh4 Rc2 1/2-1/2

[Event "AI Cup Div 2 W"]
[Site "chess.com INT"]
[Date "2023.09.28"]
[Round "4.2"]
[White "Artemiev, Vladislav"]
[Black "Fedoseev, Vladimir3"]
[Result "1/2-1/2"]
[WhiteTitle "GM"]
[BlackTitle "GM"]
[WhiteElo "2697"]
[BlackElo "2683"]
[WhiteFideId "24101605"]
[BlackFideId "24130737"]
[EventDate "2023.09.25"]
[EventType "k.o."]

1. Nf3 Nf6 2. c4 g6 3. b3 Bg7 4. Bb2 c5 5. g3 b6 6. Bg2 Bb7 7. O-O O-O 8. Nc3 d5
9. Nxd5 Nxd5 10. Bxg7 Kxg7 11. cxd5 Bxd5 12. d4 Nd7 13. dxc5 Nxc5 14. Qd4+ Kg8
15. Qh4 Ne4 16. Rac1 e6 17. Qf4 Qf6 18. Qxf6 Nxf6 19. Ne5 Rfc8 20. Rfd1 Kf8 21.
f3 Bb7 22. Rxc8+ Rxc8 23. Nd7+ Ke7 24. Nxf6 Kxf6 25. Rd7 Ba6 26. Bf1 Rc2 27. Kf2
Rxa2 28. Rxa7 Ra5 29. b4 Ra4 30. f4 Bb5 31. Rb7 Rxb4 32. Rxb6 Rb3 33. e4 Bc4 34.
e5+ Ke7 35. Rxb3 Bxb3 36. Ke3 h6 37. Bd3 Bd5 38. g4 g5 39. f5 f6 40. exf6+ Kxf6
41. fxe6 Bxe6 42. Kf3 Ke5 43. Kg3 Bd5 44. h4 Be4 45. Be2 Bd5 46. hxg5 hxg5 47.
Bd3 Bc6 48. Be2 Be4 49. Bc4 Bc6 50. Be2 Be4 51. Bc4 Bc6 52. Be2 1/2-1/2

[Event "AI Cup Div 2 W"]
[Site "chess.com INT"]
[Date "2023.09.28"]
[Round "4.3"]
[White "Fedoseev, Vladimir3"]
[Black "Artemiev, Vladislav"]
[Result "1-0"]
[WhiteTitle "GM"]
[BlackTitle "GM"]
[WhiteElo "2683"]
[BlackElo "2697"]
[WhiteFideId "24130737"]
[BlackFideId "24101605"]
[EventDate "2023.09.25"]
[EventType "k.o."]

1. c4 Nf6 2. Nc3 e5 3. Nf3 Nc6 4. g3 d5 5. cxd5 Nxd5 6. Bg2 Bc5 7. O-O O-O 8.
Qc2 Nf6 9. a3 a5 10. e3 Re8 11. h3 h6 12. d3 Bf5 13. Rd1 Bf8 14. Kh2 Nd7 15. e4
Be6 16. Be3 Nc5 17. Nd5 Bxd5 18. exd5 Qxd5 19. Rac1 Ne6 20. Ng5 Qb5 21. a4 Qb4
22. Nxe6 Rxe6 23. Bd2 Qd4 24. Be3 Qd7 25. Qb3 Bb4 26. Qc4 Rd8 27. Qb5 Qc8 28.
Bxc6 bxc6 29. Rxc6 Qd7 30. Rdc1 Rxc6 31. Rxc6 Qxd3 32. Rxc7 Qd5 33. Rc8 Kh7 34.
Rxd8 Qxd8 35. Qxe5 Qd1 36. Qe4+ Kg8 37. Qe8+ Kh7 38. Qxf7 Qd3 39. b3 Bd6 40. Qc4
Qf5 41. Kg2 Kh8 42. Qd4 Qe6 43. Qd3 Bb4 44. Qc4 Qd7 45. Bd4 Qb7+ 46. Kh2 Qf3 47.
Qc7 Qf8 48. Qb7 Kh7 49. Kg2 Qg8 50. h4 Kh8 51. Qc6 Kh7 52. Qe4+ Kh8 53. Qb7 h5
54. Kh2 Qf8 55. Qd5 Qe8 56. Qg5 Qf7 57. Kg2 Kh7 58. Qe5 Qb7+ 59. Kh2 Qf7 60. Qe3
Qd5 61. Qd3+ g6 62. Qc4 Qd7 63. Be5 Qe7 64. Qc7 Qxc7 65. Bxc7 Kg7 66. Kg2 Kf6
67. Kf3 Kf5 68. Ke2 Ke4 69. Bb6 Bc3 70. Be3 Kd5 71. Bd2 Kd4 72. f3 1-0

[Event "AI Cup Div 2 W"]
[Site "chess.com INT"]
[Date "2023.09.28"]
[Round "4.4"]
[White "Artemiev, Vladislav"]
[Black "Fedoseev, Vladimir3"]
[Result "1-0"]
[WhiteTitle "GM"]
[BlackTitle "GM"]
[WhiteElo "2697"]
[BlackElo "2683"]
[WhiteFideId "24101605"]
[BlackFideId "24130737"]
[EventDate "2023.09.25"]
[EventType "k.o."]

1. d4 d5 2. c4 c6 3. Nc3 Nf6 4. e3 e6 5. Nf3 Be7 6. Qc2 O-O 7. Bd2 Nbd7 8. Bd3
dxc4 9. Bxc4 c5 10. dxc5 Bxc5 11. Ng5 b6 12. Nce4 Bb7 13. Nxf6+ Nxf6 14. Bc3 g6
15. Rd1 Qe7 16. O-O Nd5 17. Bxd5 Bxd5 18. Ne4 f5 19. Nxc5 Qxc5 20. Qa4 Qc4 21.
Qd7 Rf7 22. Qd6 Qc7 23. Qa3 Qe7 24. Qa4 Qg5 25. Rxd5 e5 26. Rxe5 1-0

[Event "AI Cup Div 2 W"]
[Site "chess.com INT"]
[Date "2023.09.28"]
[Round "4.5"]
[White "Artemiev, Vladislav"]
[Black "Fedoseev, Vladimir3"]
[Result "0-1"]
[WhiteTitle "GM"]
[BlackTitle "GM"]
[WhiteElo "2697"]
[BlackElo "2683"]
[WhiteFideId "24101605"]
[BlackFideId "24130737"]
[EventDate "2023.09.25"]
[EventType "k.o."]

1. Nf3 Nf6 2. g3 g6 3. Bg2 Bg7 4. d4 d5 5. O-O O-O 6. c4 c6 7. Nbd2 c5 8. b3 Ne4
9. Bb2 Nxd2 10. Qxd2 dxc4 11. bxc4 cxd4 12. Nxd4 Nc6 13. e3 Be6 14. Qe2 Nxd4 15.
exd4 Rc8 16. d5 Bg4 17. Qxg4 Bxb2 18. Rab1 Ba3 19. Rxb7 Qa5 20. Qe2 Qa4 21. Bh3
Rxc4 22. Rxa7 Qxa7 23. Qxc4 Rb8 24. Re1 h5 25. Re2 Bd6 26. Bf1 Rb4 27. Qc8+ Kg7
28. Rd2 Qa3 29. Qc2 h4 30. Kg2 hxg3 31. hxg3 Be5 32. Qc5 Bd6 33. Qc2 Be5 34. Re2
Bd6 35. Qd1 Kg8 36. Qa1 Qa5 37. Rc2 Qxd5+ 38. Kg1 Qb7 39. a4 Rb1 40. Qa2 Be5 41.
Qc4 Ra1 42. Re2 Rxf1+ 43. Kxf1 Qh1# 0-1

[Event "AI Cup Div 2 W"]
[Site "chess.com INT"]
[Date "2023.09.29"]
[Round "5.1"]
[White "Fedoseev, Vladimir3"]
[Black "Artemiev, Vladislav"]
[Result "1/2-1/2"]
[WhiteTitle "GM"]
[BlackTitle "GM"]
[WhiteElo "2683"]
[BlackElo "2697"]
[WhiteFideId "24130737"]
[BlackFideId "24101605"]
[EventDate "2023.09.25"]
[EventType "k.o."]

1. c4 c6 2. d4 d5 3. Nc3 Nf6 4. cxd5 cxd5 5. Bf4 Nc6 6. e3 a6 7. Be2 Bf5 8. Nf3
e6 9. O-O Be7 10. Rc1 O-O 11. Nh4 Be4 12. f3 Bg6 13. g4 Rc8 14. Na4 Nd7 15. Nxg6
hxg6 16. Nc3 f5 17. gxf5 gxf5 18. Kh1 Kh8 19. Rg1 g5 20. Bg3 Rf7 21. e4 Nf6 22.
exf5 exf5 23. Be5 Bd6 24. f4 gxf4 25. Bxf6+ Qxf6 26. Nxd5 Qh4 27. Bf3 Rh7 28.
Qd2 Re8 29. Rg6 Qh3 30. Qf2 Rh6 31. Rcg1 Ne7 32. Rxh6+ Qxh6 33. Re1 Kg7 34. Qg2+
Kf8 35. Qe2 Qg6 36. Bh5 f3 37. Qxf3 Qh6 38. Ne3 Rd8 39. Nxf5 Nxf5 40. Qxf5+ Kg8
41. Rg1+ Kh8 42. Qg6 Qxg6 43. Rxg6 Bf4 44. Rb6 Rxd4 45. Rxb7 Rd2 46. h4 Be5 47.
Bg6 Rxb2 48. Rh7+ Kg8 49. h5 Bg7 50. h6 Bxh6 51. Rxh6 Kg7 52. Rh2 Rxh2+ 53. Kxh2
Kxg6 54. Kg3 Kf5 55. Kf3 Ke5 56. Ke3 Kd5 57. Kd3 Kc5 58. Kc3 a5 59. a4 Kd5 60.
Kd3 Kc5 61. Kc3 Kd5 62. Kd3 Kc5 63. Kc3 1/2-1/2